Datum a čas kvízu

29 Celkem bodů Celkový počet nahraných bodů na tomto kvízu bez doplňovacích otázek.
8. Pořadí na kvízu Konečné umístění týmu na tomto kvízu.

Zaznamenané odpovědi

# Otázka Odpověď Body Výsledky
1. Šéf Generální inspekce bezpečn... 0
2. Drobná africká monarchie slaví... 1
3. Ve čtvrtek začal 31. ročník fi... 0
4. Česko a Slovensko dostaly od E... 0
5. Kouč hokejové reprezentace Jos... 0
6. Ve kterém městě (má asi 50 000... 1
7. Velký úspěch minulý rok zaznam... 0
8. Olga Sommerová je od roku 2014... 1
9. Režisérka Helena Třeštíková na... 0
10. Seřaďte tyto dokumenty podle j... 0